| 000 | 00492cam a22001451a 4500 | ||
|---|---|---|---|
| 082 |
_a502 _bJEA _cL-tech, P-29 |
||
| 100 | 1 |
_aJeans, James, _938933 |
|
| 245 | 1 | 4 |
_aThe new background of science / _cby Sir James Jeans. |
| 260 |
_aNew York : _bThe Macmillan Company ; _aCambridge, Eng. : _bThe University Press, _c1933. |
||
| 300 |
_aviii, 303 p. : _bill. ; _c21 cm. |
||
| 526 |
_a0 _b0 _c0 _d502_000000000000000_JEA |
||
| 650 | 0 |
_aMCE _9379 |
|
| 650 | 0 |
_aPhysics _xPhilosophy. _911437 |
|
| 942 |
_2ddc _cBK |
||
| 999 |
_c543538 _d543538 |
||